|
|
|
|
| LEADER |
00000nam0a2200000 4500 |
| 001 |
373763 |
| 005 |
20231102012608.0 |
| 035 |
|
|
|a (RuTPU)RU\TPU\retro\31193
|
| 035 |
|
|
|a RU\TPU\book\310144
|
| 090 |
|
|
|a 373763
|
| 100 |
|
|
|a 20221216d1937 m y0rusy50 ca
|
| 101 |
0 |
|
|a rus
|
| 102 |
|
|
|a RU
|
| 105 |
|
|
|a c z 000cb
|
| 200 |
1 |
|
|a Как работал Бальзак
|e очерк
|f Б. Грифцов
|
| 210 |
|
|
|a Москва
|c Советский писатель
|d 1937
|
| 215 |
|
|
|a 159 с.
|c портр.
|
| 600 |
|
1 |
|a Бальзак
|b О. де
|c французский писатель
|f 1799-1850
|g Оноре
|2 stltpush
|3 (RuTPU)RU\TPU\pers\31
|9 19
|
| 606 |
1 |
|
|a Французская литература
|x История и литературная критика
|2 stltpush
|3 (RuTPU)RU\TPU\subj\64342
|9 81248
|
| 610 |
1 |
|
|a литературоведение
|
| 610 |
1 |
|
|a литературоведческий анализ
|
| 610 |
1 |
|
|a французские писатели
|
| 610 |
1 |
|
|a 19 век
|
| 610 |
1 |
|
|a литературное творчество
|
| 610 |
1 |
|
|a язык
|
| 610 |
1 |
|
|a стили
|
| 610 |
1 |
|
|a литературные жанры
|
| 610 |
1 |
|
|a литературные образы
|
| 675 |
|
|
|a 84(09)
|v 3
|
| 700 |
|
1 |
|a Грифцов
|b Б.
|4 070
|
| 801 |
|
1 |
|a RU
|b 63413507
|c 20150228
|
| 801 |
|
2 |
|a RU
|b 63413507
|c 20221216
|g RCR
|
| 942 |
|
|
|c BK
|